000 00881pam a2200289 a 4500
001 BD-DhSAU 3515
003 BD-DhSAU
005 20170308152616.0
008 830330s1983 nyua b 001 0 eng
020 _a0471060666
040 _aBD-DhSAU
082 0 0 _a551.66
_222
_bROM
100 1 _aRosenberg, Norman J.
245 1 0 _aMicroclimate :
_bthe biological environment /
_cNorman J. Rosenberg, Blaine L. Blad, Shashi B. Verma.
250 _a2nd ed.
260 _aNew York :
_bJohn Wiley & Sons ,
_cc1983.
300 _axxiii, 495 p. :
_bill. ;
_c25 cm.
500 _a"A Wiley-Interscience publication."
504 _aIncludes bibliographical references and index.
590 _aJerin
650 0 _aMicroclimatology.
650 0 _aMeteorology, Agricultural.
650 0 _aSoil Science
700 1 _aBlad, Blaine L.
700 1 _aVerma, Shashi B.
942 _2ddc
_cBOOK
999 _c3515
_d3515